000 00597nam a22001697a 4500
005 20251108165157.0
008 250721s1994 xx 000 0 ara d
082 1 4 _a575.1/فرو
100 1 _aفروسارد، فيليب
245 1 0 _aالهندسة الوراثية و أمراض الإنسان :
_bالوراثة الحديثة و مستقبل البشرية /
264 1 _aالقاهرة :
_bمركز النشر لجامعة القاهرة،
_c1994.
300 _a334ص
650 1 7 _aالوراثة
700 1 _aمستجير، أحمد
_eترجمة
942 _2ddc
_cBK
999 _c21370
_d21370